| 000 | 00502naa a22001217u 4500 | ||
|---|---|---|---|
| 008 | 130517b2002 xxu||||| |||| 00| 0 ger d | ||
| 040 | _aGER | ||
| 100 | 1 |
_aDeech, Ruth _912224 |
|
| 245 | 0 | 0 | _aDer zerrissene Schleier des Nichtwissens: Der kartografierte Mensch und die Folgen für die Solidargemeinschaft |
| 300 |
_a46-57 p. _c26 cm. |
||
| 773 | 0 |
_tWem gehört der Mensch? _aSINCLAIR-HAUS GESPRÄCHE _dBad Homburg v.d. Höhe,Herbert Quandt-Stiftung,2002, _gpágs. 46-57 _z3-00-008925-X, _w70980 |
|
| 942 | _cAC | ||
| 999 |
_c227234 _d227234 |
||